| 000 | 00456cam a22001573a 4500 | ||
|---|---|---|---|
| 020 | _a0439216281 (pbk.) : | ||
| 040 | _cOCO | ||
| 082 | _a 813 SCH 2000 A094 Or. | ||
| 245 | 0 | 0 | _aIt's terrific to be ten. |
| 260 |
_aNew York : _bScholastic Inc., _cc2000. |
||
| 300 |
_a144 p. ; _c19 cm. |
||
| 500 | _a"12 stories about being ten"--Cover. | ||
| 500 | _a"An Apple paperback." | ||
| 710 | 2 | _aCopyright Paperback Collection (Library of Congress) | |
| 942 | _cEK | ||
| 999 |
_c13000 _d13000 |
||